000
00265nam a2200109Ia 4500
008
200302s9999 xx 000 0 und d
100
_a
Stephen Calloway
245
_a
The Elements of Style
260
_b
Mitchell Beazley Books Ltd.
260
_c
1991
300
_a
544 P.,
999
_c
831
_d
831